000 00482nab a2200145Ia 4500
003 ES-SlBCS
005 20210601134614.0
008 140529s1980 xxu||||| |||| 00| 0 spa d
041 _aspa
100 1 _aDidone, Tarcisio
_9220337
245 0 0 _aRasgos vivenciales del Sistema Preventivo de Don Bosco: el corazón de un hombre, la intuición de un santo
_c Tarcisio Didone
650 0 4 _aBosco
_9202016
773 0 _tAnthropos
_gvol. 1, nº. 1, 1980, págs. 97-108
_wRev38
942 _cAR
999 _c615161
_d615161